[Event "SRB-chT2 West"]
[Site "Serbia"]
[Date "2006.09.23"]
[Round "3.3"]
[White "Popovic, Predrag V"]
[Black "Nesic, Dragisa"]
[Result "1-0"]
[WhiteElo "2103"]
[BlackElo "2095"]
[PlyCount "125"]
[EventDate "2006.09.09"]
[EventType "team"]
[EventRounds "11"]
[EventCountry "SRB"]
[SourceTitle "EXT 2012"]
[Source "ChessBase"]
[SourceDate "2011.11.24"]
[SourceVersion "1"]
[SourceVersionDate "2011.11.24"]
[SourceQuality "1"]

1. d4 Nf6 2. Nc3 e6 3. e4 d5 4. Bg5 dxe4 5. Nxe4 Nbd7 6. Nxf6+ Nxf6 7. Nf3 h6 8. Bh4 a6 9. Bd3 c5 10. dxc5 Bxc5 11. Qe2 Qa5+ 12. c3 Be7 13. 0-0 Qh5 14. Rfe1 Bd7 15. Bg3 0-0 16. Ne5 Qxe2 17. Bxe2 Rad8 18. Nxd7 Rxd7 19. Rad1 Rfd8 20. Kf1 Ne4 21. Rxd7 Nxg3+ 22. hxg3 Rxd7 23. Rb1 a5 24. Ke1 b6 25. a4 Bc5 26. Bc4 Kf8 27. Ke2 Ke7 28. b4 axb4 29. cxb4 Bd4 30. a5 bxa5 31. bxa5 Rc7 32. Bd3 Rc5 33. Rb7+ Kf6 34. Bb5 Re5+ 35. Kd3 Bxf2 36. Be8 Rd5+ 37. Kc4 Be1 38. Rxf7+ Ke5 39. a6 Ra5 40. a7 Kd6 41. Bb5 Bf2 42. Rxf2 Rxa7 43. Rd2+ Ke7 44. Kd4 Ra3 45. Bd3 Ra4+ 46. Ke3 Rg4 47. Kf3 Rd4 48. Ke3 Rg4 49. Kf3 Rd4 50. Rd1 Kf6 51. Rf1 Ke5 52. Bg6 Rb4 53. Re1+ Kf6 54. Bd3 e5 55. Rb1 Rd4 56. Rb6+ Ke7 57. Bf5 Rd5 58. Rg6 Ra5 59. g4 Kf7 60. Re6 Ra3+ 61. Ke4 Rg3 62. Kxe5 Rxg2 63. Bg6+ 1-0

[Event "Senta op-A 10th"]
[Site "Senta"]
[Date "2006.07.28"]
[Round "9"]
[White "Kolbert, Engelbert"]
[Black "Nesic, Dragisa"]
[Result "1-0"]
[WhiteElo "2158"]
[BlackElo "2095"]
[PlyCount "41"]
[EventDate "2006.07.21"]
[EventType "swiss"]
[EventRounds "9"]
[EventCountry "YUG"]
[SourceTitle "CBM 113 Extra"]
[Source "ChessBase"]
[SourceDate "2006.09.14"]
[SourceVersion "1"]
[SourceVersionDate "2006.09.14"]
[SourceQuality "1"]

1. e4 d5 2. exd5 Qxd5 3. Nc3 Qd8 4. d4 c6 5. Bc4 Bf5 6. Nf3 e6 7. 0-0 Nf6 8. Ne5 Bd6 9. Qe2 0-0 10. Bb3 Qc7 11. f4 Nbd7 12. Be3 Nb6 13. g4 Bg6 14. h4 h5 15. f5 Bxe5 16. dxe5 Qxe5 17. Bxb6 Qg3+ 18. Qg2 Qxg2+ 19. Kxg2 axb6 20. fxg6 Nxg4 21. Rxf7 1-0

[Event "SRB-chT 1st League"]
[Site "Serbia"]
[Date "2005.09.30"]
[Round "9.3"]
[White "Marinkovic, Ivan"]
[Black "Nesic, Dragisa"]
[Result "1-0"]
[WhiteElo "2444"]
[BlackElo "2068"]
[PlyCount "59"]
[EventDate "2005.09.25"]
[EventType "team"]
[EventRounds "11"]
[EventCountry "SRB"]
[SourceTitle "EXT 2012"]
[Source "ChessBase"]
[SourceDate "2011.11.24"]
[SourceVersion "1"]
[SourceVersionDate "2011.11.24"]
[SourceQuality "1"]
[WhiteTeam "Borac"]
[BlackTeam "Ribnica"]
[WhiteTeamCountry "SRB"]
[BlackTeamCountry "SRB"]

1. e4 e6 2. d4 d5 3. Nd2 dxe4 4. Nxe4 Nd7 5. g3 Ngf6 6. Nxf6+ Nxf6 7. Bg2 c5 8. Nf3 cxd4 9. Qxd4 Qxd4 10. Nxd4 a6 11. Bf4 Be7 12. Nb3 0-0 13. 0-0-0 a5 14. Bd6 Re8 15. Bxe7 Rxe7 16. Rd8+ Re8 17. Rxe8+ Nxe8 18. Rd1 Kf8 19. Nc5 Rb8 20. Bxb7 Rxb7 21. Nxb7 Bxb7 22. Rd7 Bc6 23. Ra7 a4 24. b4 axb3 25. cxb3 Nf6 26. a4 Bd7 27. a5 Ke7 28. a6 Kd6 29. Rb7 Bc8 30. Rb8 1-0

[Event "SRB-chT 1st League"]
[Site "Serbia"]
[Date "2005.09.29"]
[Round "7.4"]
[White "Nesic, Dragisa"]
[Black "Jovanovic, Dragan"]
[Result "1/2-1/2"]
[WhiteElo "2068"]
[BlackElo "2101"]
[PlyCount "36"]
[EventDate "2005.09.25"]
[EventType "team"]
[EventRounds "11"]
[EventCountry "SRB"]
[SourceTitle "EXT 2012"]
[Source "ChessBase"]
[SourceDate "2011.11.24"]
[SourceVersion "1"]
[SourceVersionDate "2011.11.24"]
[SourceQuality "1"]
[WhiteTeam "Ribnica"]
[BlackTeam "Jastrebac Blace"]
[WhiteTeamCountry "SRB"]
[BlackTeamCountry "SRB"]

1. Nf3 Nf6 2. d4 d5 3. g3 e6 4. Bg2 Be7 5. 0-0 0-0 6. c4 c6 7. b3 Nbd7 8. Bb2 b6 9. Nc3 Bb7 10. Nd2 Rc8 11. e4 dxe4 12. Ndxe4 Nxe4 13. Nxe4 Nf6 14. Rc1 Qd7 15. Qe2 Rfd8 16. Rfd1 Qc7 17. Rc2 Rd7 18. Rcd2 Rcd8 1/2-1/2